Pedagogické pracovisko EU PHF v Michalovciach

Vznik pobočky Podnikovohospodárskej fakulty EU v Bratislave so sídlom v Michalovciach. Študijné programy. Vývoj počtu študentov na pedagogickom pracovisku EU PHF v Michalovciach. Swot analýza. Spolupráca s praxou. Detská univerzita.

Saved in:
Bibliographic Details
Main Author: Stričík, Michal, 1969-
Other Authors: Liptáková, Erika
Format: Book Chapter
Language:Slovak
Subjects:
Tags: Add Tag
No Tags, Be the first to tag this record!

MARC

LEADER 00000naa a2200000 4500
001 0146472
005 20240502083337.6
041 0 |a slo 
044 |a UA 
245 1 0 |a Pedagogické pracovisko EU PHF v Michalovciach  |c Michal Stričík, Erika Liptáková 
520 |a Vznik pobočky Podnikovohospodárskej fakulty EU v Bratislave so sídlom v Michalovciach. Študijné programy. Vývoj počtu študentov na pedagogickom pracovisku EU PHF v Michalovciach. Swot analýza. Spolupráca s praxou. Detská univerzita. 
610 2 0 |a vzdelávanie vysokoškolské 
610 2 0 |a univerzity 
610 2 0 |a ekonómia 
610 2 0 |a programy študijné 
100 1 |a Stričík, Michal, 1969- 
700 1 |a Liptáková, Erika